000 01304nam a22003137i 4500
003 DO-SdBNP
005 20251127132505.0
007 ta
008 211103b2017 dr ab||| |||| 00| 0 spa d
020 _a9789945580273
040 _aDO-SdBNP
_bspa
_cBNPHU
_erda
041 _aspa
082 4 _axxx
_bG633f
_222
100 1 _aGómez, Milagros
_eautor
_910803
245 1 0 _aFundamentos de medioambiente y sociedad /
_cMilagros Gómez y José Manuel Fernández
264 _a Santo Domingo :
_bEdiciones UAPA,
_c2017.
300 _a154 páginas :
_bilustraciones ;
_c28 cm.
336 _ardacontent
_btexto
_2txt
337 _ardamedia
_bsin mediación
_2n
338 _ardacarrier
_bvolumen
_2nc
490 1 _aAutoaprendizaje
500 _aIncluye referencias bibliográficas al final de los capítulos
505 0 _aPresentación --
_tEducación ambiental --
_tEl hombre y la naturaleza --
_tLa contaminación --
_t Los fenómenos naturales --
_tÁreas protegidas de República Dominicana --
_tEl medio ambiente y la modernidad: turismo, desarrollo sostenible , alimentación y marco legal del medioambiente en República Dominicana --
590 _aInventariado, 2021 /LP
700 1 _aFernández, José Manuel
_910810
830 _aAutoaprendizaje
_91208
910 _aLopérez
942 _2ddc
_cLBS1
999 _c50870
_d50870